000 00976nab a2200265 u 4500
001 06704
003 HDC
007 cr bn ---
008 210123p2016 n |0 eng
020 _a978-967-13903-4-4
040 _aHDC
245 0 _aFactors Influencing Consumers' Intentions towards Purchasing Islamic Hotel Service: A Conceptual Model /
_cNor Syahirah Binti Nor Kamal and Abdulal Alem Mohammed
260 _aSintok, Kedah :
_bUniversiti Utara Malaysia,
_c2016
336 _atext
_2rdacontent
337 _acomputer
_2rdamedia
338 _aonline resource
_2rdacarrier
650 _aConsumer Intention,
_97151
650 _aHalal Awareness,
_95328
650 _aIslamic Hotel Service
_97152
650 _aReligiosity,
_94987
856 _zRequest full-text at [email protected]
942 _2lcc
942 _cAR
942 _kJART 000597
999 _c4028
_d4028